000 00604nam a22001815i 4500
001 166077
003 ES-MaACL
005 20230906213247.0
008 981002s1877 it |||| | ita d
040 _aCARM
_bspa
_cCCPB | 3D
100 1 _aTasso, Torquato (
_d1544-1595)
_9109373
245 1 3 _aLa Gerusalemme liberata /
_cdi Torquato Tasso ; con note raccolte e ordinate per cura di Eugenio Camerini.
250 _aEdizione integra.
260 _aMilano :
_bEdoardo Sonzogno,
_c1877.
300 _a400 p. ;
_c18 cm.
752 _aItalia -
_d, Milán
852 _aES-MaACL
_jF-10612(1)
_z-- Enc. hol.
999 _c166077
_d166077